Sociologie de la lecture (notice n° 1566260)

détails MARC
000 -LEADER
fixed length control field 01483cam a2200133 4500500
005 - DATE AND TIME OF LATEST TRANSACTION
control field 20251214001517.0
041 ## - LANGUAGE CODE
Language code of text/sound track or separate title fre
042 ## - AUTHENTICATION CODE
Authentication code dc
100 10 - MAIN ENTRY--PERSONAL NAME
Personal name Poissenot, Claude
Relator term author
245 00 - TITLE STATEMENT
Title Sociologie de la lecture
260 ## - PUBLICATION, DISTRIBUTION, ETC.
Name of publisher, distributor, etc. Armand Colin,<br/>
Date of publication, distribution, etc. 2019.<br/>
520 ## - SUMMARY, ETC.
Summary, etc. La lecture fait l’objet de nombreux discours pour en vanter les qualités ou en pointer les enjeux. Nombreux sont ceux qui s’inquiètent à son sujet. Pourtant, pratique très largement diffusée, elle relève d’évidences non questionnées. Qu’est-ce que la sociologie peut apporter à la connaissance de la lecture ? Il s’agit d’abord de s’interroger sur la définition de la lecture et surtout sur le statut qu’elle occupe dans notre société contemporaine et son évolution. Il s’agit aussi de saisir la différenciation sociale de cette pratique. Qui sont les lecteurs ? Quelles différences dans leurs pratiques selon leurs appartenances sociales ? De nombreuses enquêtes mettent en évidence les effets de l’âge, du genre et du milieu social sur le rapport à la lecture et la manière dont elle est pratiquée. Enfin, la sociologie se doit aussi d’entrer dans l’expérience de la pratique, dans la manière dont elle fait sens non seulement pour le lecteur lui-même mais aussi pour ceux qui l’entourent comme pour la collectivité dans son ensemble.
856 41 - ELECTRONIC LOCATION AND ACCESS
Uniform Resource Identifier <a href="https://shs.cairn.info/sociologie-de-la-lecture--9782200621513?lang=fr&redirect-ssocas=7080">https://shs.cairn.info/sociologie-de-la-lecture--9782200621513?lang=fr&redirect-ssocas=7080</a>

Pas d'exemplaire disponible.

PLUDOC

PLUDOC est la plateforme unique et centralisée de gestion des bibliothèques physiques et numériques de Guinée administré par le CEDUST. Elle est la plus grande base de données de ressources documentaires pour les Étudiants, Enseignants chercheurs et Chercheurs de Guinée.

Adresse

627 919 101/664 919 101

25 boulevard du commerce
Kaloum, Conakry, Guinée

Réseaux sociaux

Powered by Netsen Group @ 2025